Ústředí vědeckých,technických a ekonomických informací. ÚVTEI : Poslání, činnosti a služby

Salvato in:
Dettagli Bibliografici
Natura: Libro
Lingua:ceco
Pubblicazione: Praha : ÚVTEI, 1985
Soggetti:
Tags: Aggiungi Tag
Nessun Tag, puoi essere il primo ad aggiungerne!!

MARC

LEADER 00000nam a22000003a 4500
001 stu43816
005 20150408180345.8
008 941214s1985----cs------------------cze-d
040 |a STU  |b slo 
041 0 |a cze 
044 |a cs 
080 |a 002.6 
245 |a Ústředí vědeckých,technických a ekonomických informací. ÚVTEI :  |b Poslání, činnosti a služby 
260 |a Praha :  |b ÚVTEI,  |c 1985 
300 |a 66 s 
650 7 |a ÚVTEI  |2 stusub 
996 |b 284M034892  |c M*2086-1  |l MMKN  |s A  |a 24  |w stu43816_0001